Normal view
MARC view
Entry Personal Name
001 - CONTROL NUMBER
- control field: 76980
003 - CONTROL NUMBER IDENTIFIER
- control field: dpl
005 - DATE AND TIME OF LATEST TRANSACTION
- control field: 20250124144222.0
008 - FIXED-LENGTH DATA ELEMENTS
- fixed length control field: 250124|| aca||aabn | a|a d
040 ## - CATALOGING SOURCE
- Original cataloging agency: dpl
- Transcribing agency: dpl
100 ## - HEADING--PERSONAL NAME
- Personal name: Chawla, Anirudh
670 ## - SOURCE DATA FOUND
- Source citation: Work cat.: (dpl)208737: Chawla, Anirudh, Tere Sur aur Mere Geet/, 2023
